Hilos de plata (Record no. 129147)

MARC details
000 -LEADER
campo de control de longitud fija 00459nam a2200157 i 4500
001 - NÚMERO DE CONTROL
campo de control 129147
003 - IDENTIFICADOR DE NÚMERO DE CONTROL
campo de control ES-MaACL
005 - FECHA Y HORA DE LA ÚLTIMA TRANSACCIÓN
campo de control 20230906193439.0
007 - CAMPO FIJO DE DESCRIPCIÓN FÍSICA--INFORMACIÓN GENERAL
campo de control de longitud fija t|
008 - DATOS DE LONGITUD FIJA--INFORMACIÓN GENERAL
campo de control de longitud fija 070607s1951 sp ||||1| spa d
100 1# - ENTRADA PRINCIPAL--NOMBRE DE PERSONA
Nombre de persona Tendero Huertas, Enrique.
9 (RLIN) 109694
245 10 - MENCIÓN DEL TÍTULO
Título Hilos de plata
Resto del título : poesías /
Mención de responsabilidad, etc. Enrique Tendero Huertas.
260 ## - PUBLICACIÓN, DISTRIBUCIÓN, ETC.
Lugar de publicación, distribución, etc. Granada :
Nombre del editor, distribuidor, etc. [s.n.],
Fecha de publicación, distribución, etc. 1951 (
Lugar de fabricación/manufactura Imp. Hita)
300 ## - DESCRIPCIÓN FÍSICA
Extensión 4 h., 623 p. ;
Dimensiones 17 cm.
852 ## - LOCALIZACIÓN
Ubicación ES-MaACL
Número de control de estantería 1938-F-9
Sublocalización o colección R.31423
Holdings
Estatus retirado Estado de pérdida Estado de daño No para préstamo Colección Biblioteca de origen Biblioteca actual Ubicación en estantería Fecha de adquisición Fuente de adquisición Total de préstamos Signatura topográfica completa Código de barras Visto por última vez Precio de reemplazo Tipo de ítem Koha
        Colección de folletos Biblioteca del Ateneo de Madrid Biblioteca del Ateneo de Madrid Depósito folletos 17/01/2008     1938-F-9 1134490 23/02/2023 23/02/2023 Folleto